000 00489nam a2200157 u 4500
001 000036136
005 20200930074917.0
008 111216s1961 xxu r 000 0 spa d
040 _aDO-SdBNP
_bspa
_cBNPHU
082 _axxxx
100 1 _aPoe, Edgar Allan,
_d1809-1849
_99903
245 1 0 _aEight tales of terror /
_cEdgar Allan Poe.
260 _aNew York :
_b[s. n.,
_c1961?].
300 _a197 p. ;
_c17 cm.
590 _aPerteneció a la biblioteca personal de Juan Isidro Jimenes Grullón
999 _c35627
_d35627